[Event "George Trundle Masters 2016"]
[Site "Auckland"]
[Date "2016.07.09"]
[Round "1.1"]
[White "Wallis, Christopher"]
[Black "Solomon, Stephen J"]
[Result "1-0"]
[LiveChessVersion "1.4.8"]
[BlackElo "2367"]
[WhiteElo "2351"]

1. d4 {[%clk 1:30:57]} d5 {[%clk 1:30:44]} 2. c4 {[%clk 1:31:17]} e6
{[%clk 1:31:08]} 3. Nc3 {[%clk 1:31:19]} Nf6 {[%clk 1:31:25]} 4. cxd5
{[%clk 1:31:23]} exd5 {[%clk 1:31:44]} 5. Bg5 {[%clk 1:31:45]} c6
{[%clk 1:31:15]} 6. e3 {[%clk 1:31:55]} Bf5 {[%clk 1:30:48]} 7. Qf3
{[%clk 1:31:11]} Bg6 {[%clk 1:31:09]} 8. Bxf6 {[%clk 1:31:34]} Qxf6
{[%clk 1:31:25]} 9. Qxf6 {[%clk 1:31:58]} gxf6 {[%clk 1:31:41]} 10. Nf3
{[%clk 1:28:39]} a5 {[%clk 1:20:35]} 11. Nh4 {[%clk 1:17:41]} a4 {[%clk 1:20:52]}
12. a3 {[%clk 1:17:53]} b5 {[%clk 1:14:06]} 13. Kd2 {[%clk 1:12:07]} b4
{[%clk 1:07:10]} 14. axb4 {[%clk 1:08:33]} Bxb4 {[%clk 1:07:29]} 15. Bd3
{[%clk 1:01:51]} Nd7 {[%clk 1:03:57]} 16. Rhc1 {[%clk 0:58:18]} Nb6
{[%clk 1:01:46]} 17. Ke2 {[%clk 0:52:25]} Kd7 {[%clk 1:00:36]} 18. Nf5
{[%clk 0:44:12]} Rhb8 {[%clk 0:57:44]} 19. Ra2 {[%clk 0:37:10]} a3
{[%clk 0:51:56]} 20. Nb1 {[%clk 0:27:55]} axb2 {[%clk 0:27:11]} 21. Rxb2
{[%clk 0:28:18]} Nc4 {[%clk 0:17:13]} 22. Rbc2 {[%clk 0:17:27]} Ba3
{[%clk 0:11:02]} 23. Nxa3 {[%clk 0:14:29]} Rxa3 {[%clk 0:11:19]} 24. Rc3
{[%clk 0:04:46]} Rb2+ {[%clk 0:07:48]} 25. Kf3 {[%clk 0:02:44]} Raa2
{[%clk 0:02:52]} 26. R1c2 {[%clk 0:02:15]} c5 {[%clk 0:01:37]} 27. Rxb2
{[%clk 0:01:44]} Nxb2 {[%clk 0:01:25]} 28. Bc2 {[%clk 0:00:41]} Nc4
{[%clk 0:01:21]} 29. g4 {[%clk 0:00:39]} Nd2+ {[%clk 0:01:11]} 30. Kf4
{[%clk 0:00:43]} c4 {[%clk 0:01:28]} 31. f3 {[%clk 0:00:52]} Ra1 {[%clk 0:01:06]}
32. Ng3 {[%clk 0:00:39]} Nb1 {[%clk 0:01:07]} 33. Bxb1 {[%clk 0:00:50]} Rxb1
{[%clk 0:01:32]} 34. e4 {[%clk 0:01:00]} Kc6 {[%clk 0:01:28]} 35. h4
{[%clk 0:01:11]} h6 {[%clk 0:01:30]} 36. h5 {[%clk 0:01:36]} Bh7 {[%clk 0:01:59]}
37. Ke3 {[%clk 0:01:01]} Kb5 {[%clk 0:01:54]} 38. exd5 {[%clk 0:00:47]} Kb4
{[%clk 0:01:50]} 39. Ne2 {[%clk 0:00:55]} Ra1 {[%clk 0:00:48]} 40. Rc1
{[%clk 0:30:40]} Ra8 {[%clk 0:30:41]} 41. Nc3 {[%clk 0:26:53]} f5
{[%clk 0:24:24]} 42. d6 {[%clk 0:21:49]} Rd8 {[%clk 0:14:10]} 43. Nd5+
{[%clk 0:19:11]} Kb3 {[%clk 0:07:52]} 44. Rc3+ {[%clk 0:14:58]} Kb2
{[%clk 0:08:14]} 45. Rxc4 {[%clk 0:15:20]} Rxd6 {[%clk 0:08:32]} 46. Nf4
{[%clk 0:13:05]} fxg4 {[%clk 0:07:21]} 47. fxg4 {[%clk 0:13:23]} Bc2
{[%clk 0:05:48]} 48. d5 {[%clk 0:10:05]} Bd1 {[%clk 0:04:50]} 49. Kd4
{[%clk 0:07:21]} Kb3 {[%clk 0:02:54]} 50. Nd3 {[%clk 0:06:03]} Rd8
{[%clk 0:01:57]} 51. Nc5+ {[%clk 0:05:47]} Kb2 {[%clk 0:01:52]} 52. Ke5
{[%clk 0:04:15]} Rg8 {[%clk 0:01:56]} 53. d6 {[%clk 0:03:15]} Bxg4
{[%clk 0:01:35]} 54. Rxg4 {[%clk 0:02:13]} Rxg4 {[%clk 0:02:03]} 55. d7
{[%clk 0:02:38]} Rg5+ {[%clk 0:02:07]} 56. Kd4 {[%clk 0:01:32]} Rg4+
{[%clk 0:01:50]} 57. Ke3 {[%clk 0:01:45]} Rg8 {[%clk 0:01:09]} 58. Nb7
{[%clk 0:02:08]} Rb8 {[%clk 0:01:04]} 59. d8=Q {[%clk 0:02:27]} Rxb7
{[%clk 0:01:30]} 60. Qd4+ {[%clk 0:02:01]} Kc1 {[%clk 0:01:00]} 61. Qc4+
{[%clk 0:01:47]} Kb2 {[%clk 0:01:20]} 62. Qc6 {[%clk 0:01:45]} Re7+
{[%clk 0:01:32]} 63. Kd2 {[%clk 0:01:41]} Re6 {[%clk 0:01:43]} 64. Qb7+
{[%clk 0:02:01]} Ka1 {[%clk 0:01:03]} 65. Qxf7 {[%clk 0:02:10]} Rd6+
{[%clk 0:01:26]} 66. Kc3 {[%clk 0:02:26]} Rc6+ {[%clk 0:01:47]} 67. Kb4
{[%clk 0:02:45]} Kb2 {[%clk 0:01:31]} 68. Kb5 {[%clk 0:02:51]} Rd6
{[%clk 0:01:24]} 69. Kc5 {[%clk 0:03:09]} Rd2 {[%clk 0:01:38]} 70. Qg7+
{[%clk 0:03:33]} 1-0

[Event "George Trundle Masters 2016"]
[Site "Auckland"]
[Date "2016.07.09"]
[Round "1.2"]
[White "Garbett, Paul A"]
[Black "Watson, Bruce R"]
[Result "0-1"]
[LiveChessVersion "1.4.8"]
[BlackElo "2237"]
[WhiteElo "2229"]

1. c4 c5 2. Nc3 Nc6 3. g3 g6 4. Bg2 Bg7 5. e3 e6 6. Nge2 Nge7 7. O-O O-O 8. d4
cxd4 9. exd4 d5 10. cxd5 Nxd5 11. Nxd5 exd5 12. h3 Qb6 13. Nc3 Be6 14. Nxd5 Bxd5
15. Bxd5 Nxd4 16. Be3 Rad8 17. Bxd4 Bxd4 18. Qf3 Qxb2 19. Rad1 Rd6 20. Qe4 Bc5
21. Rb1 Qf6 22. Rb3 b6 23. Rf3 Qd4 24. Bxf7+ Kg7 25. Qxd4+ Rxd4 0-1

[Event "George Trundle Masters 2016"]
[Site "Auckland"]
[Date "2016.07.09"]
[Round "1.3"]
[White "Hague, Ben"]
[Black "Croad, Nicholas"]
[Result "1-0"]
[LiveChessVersion "1.4.8"]
[BlackElo "2320"]
[WhiteElo "2336"]

1. e4 {[%clk 1:30:56]} c5 {[%clk 1:30:54]} 2. Nf3 {[%clk 1:31:22]} d6
{[%clk 1:31:20]} 3. d4 {[%clk 1:31:48]} cxd4 {[%clk 1:31:46]} 4. Nxd4
{[%clk 1:32:13]} Nf6 {[%clk 1:32:11]} 5. Nc3 {[%clk 1:32:37]} Nc6
{[%clk 1:32:37]} 6. Bg5 {[%clk 1:32:55]} e6 {[%clk 1:32:44]} 7. Qd2
{[%clk 1:33:05]} a6 {[%clk 1:32:39]} 8. O-O-O {[%clk 1:33:07]} Bd7
{[%clk 1:32:58]} 9. f4 {[%clk 1:32:41]} b5 {[%clk 1:32:44]} 10. Bxf6
{[%clk 1:32:07]} gxf6 {[%clk 1:33:06]} 11. Kb1 {[%clk 1:31:27]} b4
{[%clk 1:32:45]} 12. Nce2 {[%clk 1:30:27]} Qb6 {[%clk 1:33:06]} 13. Nxc6
{[%clk 1:29:23]} Bxc6 {[%clk 1:33:23]} 14. f5 {[%clk 1:27:46]} e5
{[%clk 1:33:21]} 15. Ng3 {[%clk 1:27:26]} Qc5 {[%clk 1:33:30]} 16. Bd3
{[%clk 1:20:11]} a5 {[%clk 1:27:37]} 17. Nh5 {[%clk 1:13:29]} Ke7
{[%clk 1:27:09]} 18. g4 {[%clk 1:10:46]} Rg8 {[%clk 1:22:36]} 19. Rhg1
{[%clk 1:08:23]} a4 {[%clk 1:14:07]} 20. g5 {[%clk 1:00:21]} fxg5
{[%clk 1:08:40]} 21. f6+ {[%clk 0:57:16]} Kd7 {[%clk 1:08:08]} 22. Ng3
{[%clk 0:54:59]} Rg6 {[%clk 0:51:14]} 23. Rgf1 {[%clk 0:35:46]} g4
{[%clk 0:39:26]} 24. Qe2 {[%clk 0:29:45]} Ra7 {[%clk 0:23:51]} 25. Nf5
{[%clk 0:24:23]} h5 {[%clk 0:21:19]} 26. Ne3 {[%clk 0:20:37]} a3 {[%clk 0:19:24]}
27. Bc4 {[%clk 0:19:07]} Kc8 {[%clk 0:16:30]} 28. Nd5 {[%clk 0:17:52]} axb2
{[%clk 0:16:02]} 29. Rf5 {[%clk 0:15:58]} g3 {[%clk 0:13:27]} 30. hxg3
{[%clk 0:14:29]} Rxg3 {[%clk 0:12:39]} 31. Rxh5 {[%clk 0:14:20]} Kb7
{[%clk 0:07:45]} 32. Rh7 {[%clk 0:10:56]} Bxd5 {[%clk 0:04:58]} 33. Rxd5
{[%clk 0:09:59]} Rg1+ {[%clk 0:02:15]} 34. Kxb2 {[%clk 0:10:06]} Qc7
{[%clk 0:01:33]} 35. Rxf7 {[%clk 0:09:23]} Qxf7 {[%clk 0:01:59]} 36. Rb5+
{[%clk 0:09:48]} Kc8 {[%clk 0:02:06]} 37. Bxf7 {[%clk 0:10:11]} Rxf7
{[%clk 0:02:30]} 38. Qc4+ {[%clk 0:10:35]} Rc7 {[%clk 0:02:55]} 39. Qe6+
{[%clk 0:11:01]} 1-0

[Event "George Trundle Masters 2016"]
[Site "Auckland"]
[Date "2016.07.09"]
[Round "1.4"]
[White "Lane, Gary W"]
[Black "Smith, Robert W"]
[Result "1-0"]
[LiveChessVersion "1.4.8"]
[BlackElo "2207"]
[WhiteElo "2375"]

1. e4 {[%clk 1:30:57]} g6 {[%clk 1:30:30]} 2. d4 {[%clk 1:30:06]} Bg7
{[%clk 1:30:54]} 3. Nc3 {[%clk 1:28:49]} d6 {[%clk 1:31:12]} 4. Be3
{[%clk 1:26:57]} a6 {[%clk 1:29:05]} 5. f4 {[%clk 1:22:41]} b5 {[%clk 1:26:18]}
6. a3 {[%clk 1:18:33]} Bb7 {[%clk 1:24:10]} 7. Nf3 {[%clk 1:13:56]} Nf6
{[%clk 1:21:48]} 8. Bd3 {[%clk 1:14:10]} Nbd7 {[%clk 1:17:18]} 9. e5
{[%clk 1:09:02]} Nd5 {[%clk 1:16:58]} 10. Nxd5 {[%clk 1:09:27]} Bxd5
{[%clk 1:17:22]} 11. O-O {[%clk 1:09:43]} O-O {[%clk 1:15:28]} 12. Ng5
{[%clk 1:00:04]} Nb6 {[%clk 1:03:05]} 13. Qg4 {[%clk 0:49:26]} e6
{[%clk 0:56:17]} 14. b3 {[%clk 0:43:00]} Rc8 {[%clk 0:47:12]} 15. f5
{[%clk 0:30:39]} exf5 {[%clk 0:35:13]} 16. Bxf5 {[%clk 0:30:58]} dxe5
{[%clk 0:32:52]} 17. Bxc8 {[%clk 0:30:00]} exd4 {[%clk 0:32:15]} 18. Bxd4
{[%clk 0:24:17]} Qxc8 {[%clk 0:28:12]} 19. Qh4 {[%clk 0:24:35]} h6
{[%clk 0:23:46]} 20. Bxg7 {[%clk 0:24:40]} Kxg7 {[%clk 0:24:15]} 21. Ne4
{[%clk 0:22:27]} Nd7 {[%clk 0:20:19]} 22. Rad1 {[%clk 0:18:58]} Be6
{[%clk 0:19:44]} 23. Qg3 {[%clk 0:18:25]} Qb7 {[%clk 0:09:47]} 24. Rxd7
{[%clk 0:11:28]} Qxe4 {[%clk 0:10:11]} 25. Rxc7 {[%clk 0:11:39]} Rd8
{[%clk 0:05:13]} 26. Re1 {[%clk 0:09:52]} Qf5 {[%clk 0:02:48]} 27. h3
{[%clk 0:09:59]} h5 {[%clk 0:02:41]} 28. Qc3+ {[%clk 0:06:55]} Kg8
{[%clk 0:02:09]} 29. Rf1 {[%clk 0:04:52]} Qg5 {[%clk 0:01:49]} 30. Qf6
{[%clk 0:04:34]} Qe3+ {[%clk 0:01:09]} 31. Kh2 {[%clk 0:04:38]} Rf8
{[%clk 0:00:45]} 32. Rc3 {[%clk 0:04:16]} Qe4 {[%clk 0:00:54]} 33. Rf4
{[%clk 0:03:44]} Qe2 {[%clk 0:00:59]} 34. Rf2 {[%clk 0:03:27]} Qe4
{[%clk 0:01:16]} 35. Rg3 {[%clk 0:03:24]} h4 {[%clk 0:01:06]} 36. Rgf3
{[%clk 0:02:44]} Qd5 {[%clk 0:00:49]} 37. Qxh4 {[%clk 0:02:47]} Qd6+
{[%clk 0:01:06]} 38. Rg3 {[%clk 0:02:09]} Rc8 {[%clk 0:01:07]} 39. Qf6
{[%clk 0:01:26]} Rc6 {[%clk 0:00:45]} 40. Rf4 {[%clk 0:30:58]} Rxc2
{[%clk 0:30:39]} 41. Rxg6+ {[%clk 0:26:08]} 1-0

[Event "George Trundle Masters 2016"]
[Site "Auckland"]
[Date "2016.07.09"]
[Round "1.5"]
[White "Chan, Peng Kong"]
[Black "Wastney, Scott"]
[Result "1-0"]
[LiveChessVersion "1.4.8"]
[BlackElo "2370"]
[WhiteElo "2238"]

1. Nf3 {[%clk 1:30:56]} d5 {[%clk 1:30:49]} 2. c4 {[%clk 1:31:10]} e6
{[%clk 1:31:12]} 3. g3 {[%clk 1:30:32]} Nf6 {[%clk 1:31:35]} 4. Bg2
{[%clk 1:30:57]} Be7 {[%clk 1:31:50]} 5. O-O {[%clk 1:31:17]} O-O
{[%clk 1:32:16]} 6. b3 {[%clk 1:31:28]} c5 {[%clk 1:32:14]} 7. Bb2
{[%clk 1:31:40]} Nc6 {[%clk 1:31:18]} 8. e3 {[%clk 1:31:56]} d4 {[%clk 1:31:27]}
9. exd4 {[%clk 1:31:49]} cxd4 {[%clk 1:31:50]} 10. Re1 {[%clk 1:31:37]} Ng4
{[%clk 1:28:24]} 11. d3 {[%clk 1:18:52]} f6 {[%clk 1:28:13]} 12. Ba3
{[%clk 1:13:47]} e5 {[%clk 1:25:13]} 13. Bxe7 {[%clk 1:09:37]} Qxe7
{[%clk 1:24:07]} 14. a3 {[%clk 1:09:11]} a5 {[%clk 1:23:01]} 15. Nbd2
{[%clk 1:05:48]} Nh6 {[%clk 1:17:25]} 16. Qc2 {[%clk 1:05:18]} Nf7
{[%clk 1:14:04]} 17. Qb2 {[%clk 0:58:33]} Rd8 {[%clk 1:11:11]} 18. Rab1
{[%clk 0:51:34]} Qc7 {[%clk 0:59:37]} 19. b4 {[%clk 0:50:26]} axb4
{[%clk 0:59:58]} 20. axb4 {[%clk 0:50:54]} Ra4 {[%clk 0:57:17]} 21. b5
{[%clk 0:49:10]} Nb4 {[%clk 0:50:28]} 22. Qb3 {[%clk 0:41:24]} Qa5
{[%clk 0:50:08]} 23. Ne4 {[%clk 0:37:39]} Na2 {[%clk 0:48:13]} 24. Ra1
{[%clk 0:35:32]} Nc3 {[%clk 0:36:16]} 25. Rxa4 {[%clk 0:34:20]} Qxa4
{[%clk 0:36:25]} 26. Qxa4 {[%clk 0:34:28]} Nxa4 {[%clk 0:36:52]} 27. Ra1
{[%clk 0:34:22]} Nb2 {[%clk 0:28:20]} 28. Ne1 {[%clk 0:29:10]} f5
{[%clk 0:27:27]} 29. Nd2 {[%clk 0:27:38]} e4 {[%clk 0:17:54]} 30. dxe4
{[%clk 0:26:57]} fxe4 {[%clk 0:15:11]} 31. Bxe4 {[%clk 0:19:53]} Nd6
{[%clk 0:15:32]} 32. Bd5+ {[%clk 0:20:12]} Kf8 {[%clk 0:15:58]} 33. Nef3
{[%clk 0:19:35]} Nd3 {[%clk 0:13:50]} 34. Nxd4 {[%clk 0:15:59]} Nxc4
{[%clk 0:11:57]} 35. Bxc4 {[%clk 0:15:01]} Rxd4 {[%clk 0:11:46]} 36. Ra8
{[%clk 0:15:06]} Ne5 {[%clk 0:04:22]} 37. Rxc8+ {[%clk 0:14:11]} Ke7
{[%clk 0:04:51]} 38. f4 {[%clk 0:12:19]} Nd7 {[%clk 0:02:25]} 39. Nf3
{[%clk 0:11:50]} 1-0